000 00820nam a2200217 a 4500
005 20171129115446.0
008 140314b2000 ck o|||fr|||| 00| 0 spa d
040 _aCO-BoIAVH
_cCO-BoIAVH
041 0 _aspa
044 _ack
082 0 4 _a344.0957
_bN85c
110 2 _aCorporación Autónoma Regional del Guavío
245 1 0 _aNormatividad ambiental, conservación y manejo de los recursos naturales
260 _aGachalá, (Guaviare, Colombia) :
_bCorpoguavío ;
_c[s.f.].
300 _a23 páginas :
_bFotografías a color ;
_c28 x 22 cm.
504 _aIncluye referencias bibliográficas.
650 2 6 _aProtección ambiental
_xNormatividad
_zColombia
650 2 6 _aRecursos naturales
_xNormatividad
_zColombia
650 2 6 _aPolítica ambiental
_zColombia
942 _cFolleto
_2ddc
999 _c4200
_d4200